000 00832nas a2200253Ia 4500
001 R007/H9383
003 IT-RoPAU
008 151124c99999999xx |||||||||||| ||und||
040 _aIT-RoPAU
040 _cIT-RoPAU
041 _aITALIANO
100 _aFrasca Giampiero
_gCodice Aut. SPICS: 54116
210 _aCINEFORUM
222 _aCineforum
245 _aCINEFORUM, ANNO 49-N.488 (OTTOBRE 2009)
_bCosmonauta di Susanna Nicchiarelli
250 _a1a ed.
260 _aBERGAMO
_bFEDERAZIONE ITALIANA CINEFORUM
_c2009
501 _bPaulus - SPICS - Società San Paolo EM (non-commercial uses only)
_cCopyright2015
300 _a3 p. [19-21]
362 _aANNO 049, N.488 (OTTOBRE 2009)
500 _aScheda, Trama e Recensione del Film. Lo Spazio e i Tempi.
650 _aCINEMA
_vPUBBLICAZIONE PERIODICA
942 _cCR
999 _c172303
_d172303